Managing and sharing research data : (Record no. 22294)
[ view plain ]
| 000 -LEADER | |
|---|---|
| fixed length control field | 01932cam a22003255a 4500 |
| 001 - CONTROL NUMBER | |
| control field | 17821330 |
| 005 - DATE AND TIME OF LATEST TRANSACTION | |
| control field | 20201128023820.0 |
| 008 - FIXED-LENGTH DATA ELEMENTS--GENERAL INFORMATION | |
| fixed length control field | 130722s2014 enka frbd 001 0 eng d |
| 020 ## - INTERNATIONAL STANDARD BOOK NUMBER | |
| International Standard Book Number | 9781446267264 (pbk.) |
| 020 ## - INTERNATIONAL STANDARD BOOK NUMBER | |
| International Standard Book Number | 1446267261 (pbk.) |
| 040 ## - CATALOGING SOURCE | |
| Original cataloging agency | BTCTA |
| Language of cataloging | eng |
| Transcribing agency | BTCTA |
| Modifying agency | BDX |
| -- | UKMGB |
| -- | CDX |
| -- | YDXCP |
| -- | WAU |
| -- | SYB |
| -- | DEBBG |
| -- | MUU |
| -- | VVC |
| -- | COO |
| -- | OCLCF |
| -- | UKBOL |
| -- | NGU |
| -- | DLC |
| -- | EG-ScBUE |
| 082 04 - DEWEY DECIMAL CLASSIFICATION NUMBER | |
| Edition number | 22 |
| Classification number | 300.7 |
| Item number | MAN |
| 245 00 - TITLE STATEMENT | |
| Title | Managing and sharing research data : |
| Remainder of title | a guide to good practice / |
| Statement of responsibility, etc | Louise Corti ... [et al.] |
| 260 ## - PUBLICATION, DISTRIBUTION, ETC. (IMPRINT) | |
| Place of publication, distribution, etc | London : |
| Name of publisher, distributor, etc | SAGE, |
| Date of publication, distribution, etc | 2014. |
| 300 ## - PHYSICAL DESCRIPTION | |
| Extent | x, 222 p. : |
| Other physical details | ill. ; |
| Dimensions | 25 cm. |
| 500 ## - GENERAL NOTE | |
| General note | Companion website with additional exercises and links from the UK Data Service available at: http://ukdataservice.ac.uk/manage-data/handbook/ |
| 500 ## - GENERAL NOTE | |
| General note | Glossary : p. [216]-217. |
| 500 ## - GENERAL NOTE | |
| General note | Index : p. [218]-222. |
| 504 ## - BIBLIOGRAPHY, ETC. NOTE | |
| Bibliography, etc | Includes bibliographical references. |
| 505 0# - FORMATTED CONTENTS NOTE | |
| Formatted contents note | The importance of managing and sharing research data -- The research data lifecycle -- Research data management planning -- Documenting and providing context for data -- Formatting and organizing data -- Storing and transferring data -- Legal and ethical issues in sharing data -- Rights relating to research data -- Collaborative research : data management strategies for research teams and research managers -- Making use of other people's research data : opportunities and limitations -- Publishing and citing research data. |
| 520 8# - SUMMARY, ETC. | |
| Summary, etc | This text looks explicitly at data management and sharing, providing readers with the skill-set needed to successfully produce high quality research assets. |
| 650 #7 - SUBJECT ADDED ENTRY--TOPICAL TERM | |
| Topical term or geographic name as entry element | Social sciences |
| General subdivision | Research. |
| Source of heading or term | BUEsh |
| 9 (RLIN) | 775 |
| 650 #0 - SUBJECT ADDED ENTRY--TOPICAL TERM | |
| Topical term or geographic name as entry element | Communication in the social sciences. |
| Source of heading or term | BUEsh |
| 9 (RLIN) | 41007 |
| 650 #0 - SUBJECT ADDED ENTRY--TOPICAL TERM | |
| Topical term or geographic name as entry element | Intellectual cooperation. |
| Source of heading or term | BUEsh |
| 9 (RLIN) | 41008 |
| 650 #7 - SUBJECT ADDED ENTRY--TOPICAL TERM | |
| Topical term or geographic name as entry element | Database management. |
| Source of heading or term | BUEsh |
| 9 (RLIN) | 11309 |
| 651 ## - SUBJECT ADDED ENTRY--GEOGRAPHIC NAME | |
| Source of heading or term | BUEsh |
| 653 ## - INDEX TERM--UNCONTROLLED | |
| Resource For college | Humanities: English |
| Arrived date list | September2016 |
| 700 1# - ADDED ENTRY--PERSONAL NAME | |
| Personal name | Corti, Louise. |
| 9 (RLIN) | 41006 |
| 942 ## - ADDED ENTRY ELEMENTS (KOHA) | |
| Source of classification or shelving scheme | Dewey Decimal Classification |
| Withdrawn status | Item status | Source of classification or shelving scheme | Damaged status | Not for loan | Vendor | Home library | Current library | Shelving location | Date acquired | Source of acquisition | Cost, normal purchase price | Serial Enumeration / chronology | Total Checkouts | Total Renewals | Full call number | Barcode | Checked out | Date last seen | Date last borrowed | Cost, replacement price | Koha item type |
|---|---|---|---|---|---|---|---|---|---|---|---|---|---|---|---|---|---|---|---|---|---|
| Dewey Decimal Classification | Baccah | Central Library | Central Library | First floor | 04/09/2016 | Purchase | 309.00 | 26103 | 4 | 72 | 300.7 MAN | 000033523 | 20/05/2026 | 15/01/2020 | 15/01/2020 | 387.00 | Book - Borrowing |